01022nam a2200205 i 4500001000700000003000900007005001700016008004100033080001200074245012000086260005300206300003000259500014000289505022600429650002900655700002900684700003700713700004000750852002600790183309ES-MaACL20250927113437.0140228m18641869fr |||| | fre d a61(038)00aDictionnaire encyclopédique des sciences médicales / cDirecteur[s]: A. Dechambre, [L. Lereboullett, L. Hann]. aParis : bG. Masson : bP. Asselin, c1864-1889. a100 v. : bil. ; c24 cm. aLa obra aparece distribuida en cinco series, numeradas separadamente y cuyo orden de series no corresponde al alfabético de la misma.8 aContiene: 1ª Serie A-E. Tomos 1º á 36. (1864-87) 4ª Serie F-K. Tomos 37 á 52. (1877-89) 2ª Serie L.-P. Tomos 53 á 79. (1872-89) 3ª Serie Q-F. Tomos 80 á 97. (1874-85) 5ª Serie V-Z. Tomos 98 á 100 (1886-89)04aMedicina-vDiccionarios.1 aDéchambre, Amédée.1 aLereboullet, Léon, d1842-19141 aHahn, François Louis, d1844-1921 aES-MaACLjG-2439-2538